Central Library OPAC University of Rajshahi

Edmund Burke : (Record no. 63213)

MARC details
000 -LEADER
fixed length control field 01075nam a2200301 a 4500
001 - CONTROL NUMBER
control field 63213
003 - CONTROL NUMBER IDENTIFIER
rucl marc code BD-RjUL
005 - DATE AND TIME OF LATEST TRANSACTION
control field 20211209081154.0
008 - FIXED-LENGTH DATA ELEMENTS--GENERAL INFORMATION
fixed length control field 170129r19731939nyua 001 0beng d
020 ## - INTERNATIONAL STANDARD BOOK NUMBER
International Standard Book Number 0846217236
035 ## - SYSTEM CONTROL NUMBER
System control number (BD-RjUL)63342
040 ## - CATALOGING SOURCE
Original cataloging agency DLC
Transcribing agency DLC
Modifying agency DLC
Language of cataloging eng
041 ## - LANGUAGE CODE
Language code of text/sound track or separate title eng
082 00 - DEWEY DECIMAL CLASSIFICATION NUMBER
Classification number 923.242
Author mark and year MAE 1973
100 1# - MAIN ENTRY--PERSONAL NAME
Personal name Magnus, Philip Montefiore,
Dates associated with a name 1906-
9 (RLIN) 188147
245 00 - TITLE STATEMENT
Title Edmund Burke :
Remainder of title a life /
Statement of responsibility, etc. by Sir Philip Magnus.
260 ## - PUBLICATION, DISTRIBUTION, ETC. (IMPRINT)
Place of publication, distribution, etc. New York,
Name of publisher, distributor, etc. Russell & Russell
Date of publication, distribution, etc. 1939 [Reissued 1973]
300 ## - PHYSICAL DESCRIPTION
Pagination xiii, 367 p. :
Illustrations ill. ;
Size 23 cm.
500 ## - GENERAL NOTE
General note Reprint of the 1939 ed. published by J. Murray, London.
504 ## - BIBLIOGRAPHY, ETC. NOTE
Bibliography, etc Bibliography: p. 351-355. and index
600 10 - SUBJECT ADDED ENTRY--PERSONAL NAME
Personal name Burke, Edmund,
Dates associated with a name 1729-1797.
650 #0 - SUBJECT ADDED ENTRY--TOPICAL TERM
Topical term or geographic name as entry element Political scientists
Geographic subdivision Great Britain
General subdivision Biography.
9 (RLIN) 186942
Topical term or geographic name as entry element Statesmen
Geographic subdivision Great Britain
General subdivision Biography.
9 (RLIN) 188149
Topical term or geographic name as entry element Orators
Geographic subdivision Great Britain
General subdivision Biography.
9 (RLIN) 188150
651 #0 - SUBJECT ADDED ENTRY--GEOGRAPHIC NAME
Geographic name Great Britain
General subdivision Politics and government
Chronological subdivision 18th century.
9 (RLIN) 188151
942 ## - ADDED ENTRY ELEMENTS (KOHA)
Source of classification or shelving scheme Dewey Decimal Classification
Koha item type Books
Holdings
Lost status Source of classification or shelving scheme Damaged status Not for loan Collection code Permanent Location Current Location Shelving location Date acquired Source of acquisition Total Checkouts Full call number Date last seen Copy number Koha item type
  Dewey Decimal Classification   Not For Loan Non-fiction Central Library, University of Rajshahi Central Library, University of Rajshahi Reading Room 10/06/1985 Asia Foundation   923.242 MAE 1973 29/01/2017 C-1 Books